Catatan Kembara AWANG SARIYAN : (Record no. 193528)

MARC details
000 -LEADER
fixed length control field 00839nam a2200229 i 4500
005 - DATE AND TIME OF LATEST TRANSACTION
control field 20231109124129.0
008 - FIXED-LENGTH DATA ELEMENTS--GENERAL INFORMATION
fixed length control field 231105s2023 my ob 000 0 may d
020 ## - INTERNATIONAL STANDARD BOOK NUMBER
International Standard Book Number 9789672456636
Terms of availability RM60.00
Qualifying information hardback
040 ## - CATALOGING SOURCE
Original cataloging agency PPAK
Language of cataloging eng
Transcribing agency PPAK
Description conventions rda
082 04 - DEWEY DECIMAL CLASSIFICATION NUMBER
Edition number 23
Classification number 305.697095125
090 00 - LOCALLY ASSIGNED LC-TYPE CALL NUMBER (OCLC); LOCAL CALL NUMBER (RLIN)
Classification number (OCLC) (R) ; Classification number, CALL (RLIN) (NR) 305.697095125
Feature heading AWA
Feature heading G
100 0# - MAIN ENTRY--PERSONAL NAME
Personal name Awang Sariyan,
Titles and words associated with a name Datuk, Dr.,
Dates associated with a name 1953-
Relator term author.
245 10 - TITLE STATEMENT
Title Catatan Kembara AWANG SARIYAN :
Remainder of title Islam di China /
Statement of responsibility, etc. Penulis: Prof. Datuk Seri Dr. Haji Awang Sariyan
264 #1 - PRODUCTION, PUBLICATION, DISTRIBUTION, MANUFACTURE, AND COPYRIGHT NOTICE
Place of production, publication, distribution, manufacture Kajang, Selangor :
Name of producer, publisher, distributor, manufacturer NUHA CREATIVE RESOURCES,
Date of production, publication, distribution, manufacture, or copyright notice [2023?]
300 ## - PHYSICAL DESCRIPTION
Extent ix, 215 pages :
Other physical details colour photographs, colour maps ;
Dimensions 24 cm
336 ## - CONTENT TYPE
Content type term text
Source rdacontent
337 ## - MEDIA TYPE
Media type term unmediated
Source rdamedia
338 ## - CARRIER TYPE
Carrier type term volume
Source rdacarrier
650 10 - SUBJECT ADDED ENTRY--TOPICAL TERM
Topical term or geographic name entry element Muslims
Geographic subdivision China
Topical term or geographic name entry element Islam
Geographic subdivision China
942 ## - ADDED ENTRY ELEMENTS (KOHA)
Source of classification or shelving scheme Dewey Decimal Classification
Koha item type Book
Holdings
Withdrawn Not for loan Current library Shelving location Date acquired Total Checkouts Full call number Barcode Date last seen Koha item type Total Renewals Date last checked out
    Perpustakaan Alor Setar Pinjaman Dewasa 21/11/2023   305.697095125 AWA A01799034 21/11/2023 Book    
    Perpustakaan Awam Sungai Petani Pinjaman Dewasa 21/11/2023   305.697095125 AWA A01799035 21/11/2023 Book    
    Perpustakaan Baling Pinjaman Dewasa 21/11/2023 2 305.697095125 AWA A01799039 21/05/2024 Book 2 09/04/2024
    Perpustakaan Bandar Baharu Pinjaman Dewasa 21/11/2023   305.697095125 AWA A01799040 21/11/2023 Book    
    Perpustakaan Jitra Pinjaman Dewasa 21/11/2023 2 305.697095125 AWA A01799036 15/12/2024 Book 1 03/12/2024
    Perpustakaan Kuala Nerang Pinjaman Dewasa 21/11/2023   305.697095125 AWA A01799044 21/11/2023 Book    
    Perpustakaan Kulim Pinjaman Dewasa 21/11/2023 1 305.697095125 AWA A01799038 06/04/2024 Book 1 24/02/2024
    Perpustakaan Langkawi Pinjaman Dewasa 21/11/2023 1 305.697095125 AWA A01799037 28/07/2024 Book   14/07/2024
    Perpustakaan Merbok Pinjaman Dewasa 21/11/2023 1 305.697095125 AWA A01799041 23/07/2025 Book   09/07/2025
    Perpustakaan Pendang Pinjaman Dewasa 21/11/2023   305.697095125 AWA A01799045 21/11/2023 Book    
    Perpustakaan Sik Pinjaman Dewasa 21/11/2023   305.697095125 AWA A01799043 21/11/2023 Book    
    Perpustakaan Yan Pinjaman Dewasa 21/11/2023   305.697095125 AWA A01799042 21/11/2023 Book